Slovenský denník

Bibliographic Details
Corporate Author: Budapeštiansky nakladateľský spolok, úč. spol. (Budapešť, Maďarsko) (Printer)
Other Authors: Štefánek, Anton, 1877-1964 (Publishing director), Hodža, Milan, 1878-1944 (Publishing director)
Format: Newspaper
Language:Slovak
PhysicalDescription:6 roč. 27 x 38 cm
Dostupné aj na mikrofilme
Published: Budapešť Slovenský denník 1910-1915
Subjects:
Online Access:http://digicontent.snk.sk/content/journals/Slovensky_dennik/

MARC

LEADER 00000cas a22000001a 4500
001 vtls010501651
003 SK-MaSNL
005 20260228161218.0
008 200401d19101915hu dr n 0 b0slo
015 |a SNBDS17XX9999 
015 |a 0152  |2 Potemra slov. do r. 1918 
038 |a SNKBUDS 
040 |a SNK  |b slo  |c SNK  |e AACR2 
041 0 |a slo 
044 |a hu  |c HU 
072 7 |a 32  |x Politika  |2 konspekt 
072 7 |a 394  |x Verejný a spoločenský život. Každodenný život  |2 konspekt 
080 |a 32  |2 2001 
080 |a 316.728  |2 2001 
080 |a 050  |2 2001 
245 0 0 |a Slovenský denník 
260 |a Budapešť  |b Slovenský denník  |c 1910-1915 
300 |a 6 roč.  |c 27 x 38 cm 
310 |a 5x týždenne 
362 0 |a Roč. I, č. 1 (1910)-roč. VI, č. 188 (1915) 
500 |a Vychádzal denne okrem pondelka a piatku v Budapešti 
500 |a Zodp. red. Anton Štefánek, hlav. red. Milan Hodža, od čís. 96 roč. II (23. mája 1911) sa hlav. redaktor neuvádza 
500 |a Maj. a vyd. Slovenský Denník, úč. spol., v Budapešti 
500 |a Tlač. Budapeštiansky nakladateľský spolok, úč. spol., v Budapešti 
500 |a Prvé číslo vyšlo 27. februára 1910 
530 |a Dostupné aj na mikrofilme 
650 0 7 |a politika  |2 SNKPH  |9 968 
650 0 7 |a verejný život  |2 SNKPH  |9 265932 
650 0 7 |a Policy  |2 SNKPHeng  |9 265829 
650 0 7 |a Social life  |2 SNKPHeng  |9 265081 
650 0 7 |a spoločenský život  |2 SNKPH  |9 28654 
650 0 7 |a Public life  |2 SNKPHeng  |9 268209 
655 7 |a noviny  |2 SNKPH  |9 72987 
655 7 |a Newspaper  |2 SNKPHeng  |9 267981 
700 1 |a Štefánek, Anton,  |d 1877-1964  |4 pbd  |9 100362 
700 1 |a Hodža, Milan,  |d 1878-1944  |4 pbd  |9 184939 
710 2 |a Slovenský denník, úč. spol. (Budapešť, Maďarsko)  |4 pbl  |9 268210 
710 2 |a Budapeštiansky nakladateľský spolok, úč. spol. (Budapešť, Maďarsko)  |4 prt  |9 268211 
856 4 1 |u http://digicontent.snk.sk/content/journals/Slovensky_dennik/ 
910 |a snk 
999 |c 4685  |d 6615 
952 |0 0  |1 0  |4 0  |7 0  |8 3  |a SNK  |b SNK  |d 1999-11-10  |i snkK 2708/72  |l 0  |o snkČSA 20/2/1911 D1  |p 17A0217557  |r 2005-01-02 00:00:00  |w 2026-02-21  |y PREZ 
952 |0 0  |1 0  |4 0  |7 0  |8 3  |a SNK  |b SNK  |d 1997-04-07  |i snkČSK 4/1958  |l 0  |o snkČSA 20/5/1914  |p 17A0383903  |r 2005-01-02 00:00:00  |t č. 1-228, neúplné  |w 2026-02-21  |y PREZ  |z Cýba č. 99, 150 
952 |0 0  |1 0  |4 0  |7 0  |a SNK  |b SNK  |d 2000-10-16  |l 0  |o snkČSA 20/5/1914 D1  |p 17A0254762  |r 2005-01-02 00:00:00  |w 2026-02-21  |y PREZ 
952 |0 0  |1 0  |4 0  |7 0  |a SNK  |b SNK  |d 1997-04-07  |f 1  |l 0  |o snkČSA 20/6/1915  |p 17A0057570  |r 2005-01-02 00:00:00  |t č. 1-187  |w 2026-02-21  |y PREZ 
952 |0 0  |1 0  |4 0  |7 0  |a SNK  |b SNK  |d 1997-09-23  |l 0  |o snkČSA 20/3/1912  |p 17A0095130  |r 2005-01-02 00:00:00  |w 2026-02-21  |y PREZ 
952 |0 0  |1 0  |4 0  |7 0  |a SNK  |b SNK  |d 2000-10-16  |l 0  |o snkČSA 20/3/1912 D1  |p 17A0254739  |r 2005-01-02 00:00:00  |w 2026-02-21  |y PREZ 
952 |0 0  |1 0  |4 0  |7 0  |a SNK  |b SNK  |d 1997-02-28  |l 0  |o snkČSA 20/2/1911  |p 17A0051116  |r 2005-01-02 00:00:00  |t č. 1-245  |w 2026-02-21  |y PREZ  |z chýba č. 1,7-9,11,16,23,25-26,28-29,34-35,37,46- 48,50,52-56,58,62,67-68,70,74-75,77,89,92-94,96,99,102-3,114- 116,119,124-126,129-131,134,140,143-144,146,156-157,167,187- 188,192,199,202-203,205,211,212,214,227,238,240 
952 |0 0  |1 0  |4 0  |7 0  |a SNK  |b SNK  |d 1996-11-27  |l 0  |o snkČSA 20/1/1910  |p 17A0023466  |r 2005-01-01 00:00:00  |w 2026-02-21  |y PREZ 
952 |0 0  |1 0  |4 0  |7 0  |a SNK  |b SNK  |d 2000-03-21  |l 0  |o snkČSA 20/1/1910 D1  |p 17A0231934  |r 2005-01-01 00:00:00  |w 2026-02-21  |y PREZ 
952 |0 0  |1 0  |4 0  |7 0  |a SNK  |b SNK  |d 2003-07-29  |l 0  |o snkČSA 20/5/1914 D2  |p 17A0390123  |r 2005-01-01 00:00:00  |t č. 54,72  |w 2026-02-21  |y PREZ